Безумната страст на Дон Педру (Запис номер 98752)
[ съкратено ]
| 000 -Лидер | |
|---|---|
| Контролно поле с фиксирана дължина | 01178nam a2200301 c 4500 |
| 003 - Код на организацията, давaща контролен номер | |
| Контролно поле | BLK |
| 005 - Дата и час на последна редакция | |
| Контролно поле | 20180422105220.0 |
| 008 - Елементи от данни с фиксирана дължина | |
| fixed length control field | 180409b bul|||||r ||||||| ||bul|| |
| 010 ## - Наследен системен номер | |
| LC control number | KNG00103703000 |
| 020 ## - Международен стандартен номер на книга ISBN | |
| Международен стандартен номер на книга ISBN | 954-8061-85-6 |
| -- | издат.: Светулка-44 |
| 040 ## - Източник на каталожния запис | |
| Идентификатор на билиотеката - собственик на записа | BLK |
| 041 ## - Код за език | |
| Код за езика на текст/звукозапис или на отделно заглавие | Български |
| Код за езика КДБФ | Български |
| 080 ## - УДК | |
| Текстов определител УДК | Португалска литература |
| УДК код - определител по УДК | 821.134.3 |
| УДК определител | -311.6 |
| УДК - код + определител | 821.134.3-311.6 |
| 100 1# - Редна дума - Автор | |
| Автор | Агиар, Жуау |
| Авторска отговорност | първи автор |
| R(LIN) | 29456 |
| 139 ## - Редно поле | |
| Редна дума | Агиар, Жуау |
| Авторски знак | Аг - А 23 |
| 245 10 - Сведения за заглавието | |
| Заглавие | Безумната страст на Дон Педру |
| Подзаглавни данни | Роман |
| Редно поле (дума) | Жуау Агиар; прев. от португ. Маргарита Владимирова Дренска. |
| 257 ## - Страна на издаване | |
| Страна на създаване/издаване | Португалия |
| 260 ## - Област на издателските данни | |
| -- | София |
| Име на издателя, разпространителя и проч. | Светулка-44 |
| Година на издаване | 2001 |
| Печатница | София : Вулкан 4 |
| 300 ## - Физическа характеристика | |
| Страници | 128 с. |
| Размери/Мащаб | 20 см |
| 380 ## - Жанр | |
| Жанр | Худож. лит. |
| 500 ## - Общи забележки | |
| Забележка | Ориг. загл. Ines de Portugal / Joao Aguiar. |
| 700 1# - Други автори (авторска отговорност) | |
| Лично име | Дренска, Маргарита Владимирова |
| Автороска отговорност (Описва отношението между автора и произведението) | прев. от португ. |
| 9 (RLIN) | 373021 |
| 852 ## - Местоположение | |
| Форматна сигнатура | Цб 213217 |
| 856 4# - Електронен адрес и достъп | |
| Електронен формат | pdf - файл |
| Път до файла /url/ | |
| 856 4# - Електронен адрес и достъп | |
| Електронен формат | pdf - файл |
| Път до файла /url/ | |
| 942 ## - АРТИКУЛИ | |
| Вид на библиотечния материал | Книги |
| Скрит в OPAC | Не |
| 944 ## - СЪЗДАВАНЕ И РЕДАКЦИЯ на ЗАПИСА | |
| Създаване/Редакция | Създаване |
| Дата на регистрацията/редакция | 01.01.2001 |
| Служител, извършил регистрацията/редакцията | Цветанка_Енчева |
| 944 ## - СЪЗДАВАНЕ И РЕДАКЦИЯ на ЗАПИСА | |
| Създаване/Редакция | Редакция |
| Дата на регистрацията/редакция | 20.12.2004 |
| Служител, извършил регистрацията/редакцията | |
| 999 ## - СИСТЕМНИ КОНТРОЛНИ НОМЕРА | |
| Koha biblionumber | 98752 |
| Koha biblioitemnumber | 98752 |
| Код за отписване | Код за изгубен артикул | Код за повреда | Коз за рестрикции | Код за отдаване | Артикулен № | Име на библиотеката - собственик | Име на библиотеката, в която се намира в момента | Статус (Текущо местоположение) | Дата на вписване в системата | Местоположение - отдел | Цена в лева | Инвентарен номер | Систематично азбучна сигнатура | Баркод | Номер на екземпляра | Цена в евро | Служебна бележка | Служебен тип на артикула |
|---|---|---|---|---|---|---|---|---|---|---|---|---|---|---|---|---|---|---|
| Не е изгубен | Не е повреден | без рестрикции | ползва се в читалня | 158825 | Регионална библиотека "Любен Каравелов" Русе | Регионална библиотека "Любен Каравелов" Русе | Хранилище | 2002-11-27 | Хранилище | 1.90 | 120000673482 | Цб 213217 | 120000673482 | 1 | 0.97 | Дост: Dp Вид: Д N: 13 Дата: 19.03.2002 | Книги |